000 00856nam a2200277 i 4500
001 C2-0256040
003 PPAK
005 20180727223539.0
008 040629s2004 my a|||| ||||| | may d
020 _a9679488357
040 _aPPAK
_beng
_cPPAK
_erda
082 0 4 _a923.2595
_223
090 0 0 _a923.2595
_bEMA
_dK
090 0 0 _a923.2595
_bEMA
_dKK
100 0 _ae-man,
_eauthor
245 1 0 _aTun V.T. Sambanthan
264 1 _aMelaka :
_bAssociated Educational Distributors ,
_c2004
300 _a52 pages :
_bcolour illustrations ;
_c30 cm
336 _2rdacontent
_atext
337 _2rdamedia
_aunmediated
338 _2rdacarrier
_avolume
490 1 _aSiri tokoh-tokoh sejarah
650 1 0 _aSambanthan V.T., Tun, ; Ministers - Malaysia - Biography ; Politicians - Malaysia - Biography
830 0 _aSiri tokoh-tokoh sejarah
942 _ddc
_cB
999 _c68301
_d68301